00314nam a2200121Ia 4500008004100000041000800041082001500049100002200064245004200086260003300128300002400161365000700185240624s9999 xx 000 0 und d aeng a909.83 HAR aHARARI YUVAL NOAH aHOMO DEUS A BRIEF HISTORY OF TOMORROW c2015aLondonbHarvill Secker a440 : p. : cm. ; 24 cRS